000 00339 a2200121 4500
000 nam a22 7a 4500
005 20260423143443.0
020 _a9789390729432
100 _aHoward Kingscote
_91235531
245 _aTales of the Sun or : Folklore of Southern India
260 _bManohar Publishers & Distributors
_c2021
942 _cTEXL
999 _c1848431
_d1848431